|
|
|
|
| LEADER |
00000nab a2200000 a 4500 |
| 001 |
vtls000218230 |
| 003 |
SK-MaSNL |
| 005 |
20260302204249.0 |
| 008 |
111202c1984 xo 0 slo |
| 015 |
|
|
|a SNBRA19rr/mm-uuuuu
|
| 035 |
|
|
|a CL0228344
|
| 040 |
|
|
|a SNKBUCL
|b slo
|c SNKBUCL
|e AACR2
|
| 041 |
0 |
|
|a slo
|
| 044 |
|
|
|a xo
|c SK
|
| 080 |
|
|
|a 621.643.2-036.5:622.692.4
|2 1981
|
| 080 |
|
|
|a 622.692.4
|2 1981
|
| 080 |
|
|
|a 553.7.031.2
|2 1981
|
| 100 |
1 |
|
|a Absolon, František
|4 aut
|9 928543
|
| 245 |
1 |
0 |
|a Aplikácia potrubí z plastov pri doprave geotermálnych vôd
|c František Absolon, Ivan Krivošík, Ľudovít Welnitz
|
| 300 |
|
|
|b Tb. 2.
|
| 650 |
0 |
7 |
|a geotermálne vody
|2 snkbucl
|9 29867
|
| 650 |
0 |
7 |
|a plastové potrubia
|2 snkbucl
|9 93020
|
| 655 |
|
7 |
|a články zo zborníkov
|2 snkbucl
|9 166140
|
| 700 |
1 |
|
|a Krivošík, Ivan
|4 aut
|9 928501
|
| 700 |
1 |
|
|a Welnitz, Ľudovít
|4 aut
|9 928544
|
| 773 |
0 |
|
|t Navrhovanie a aplikácia potrubí z plastov v rôznych odvetviach národného hospodárstva
|d Bratislava : Dom techniky ČSVTS, 1984
|g S. 117-122
|
| 850 |
|
|
|a Slovenská národná knižnica v Martine
|a MTA001
|
| 852 |
|
|
|a SNK
|b KIS3GCP
|
| 958 |
|
|
|a RK
|
| 992 |
|
|
|a RZB
|
| 999 |
|
|
|c 1472649
|d 1474579
|